000 00424nam a2200133Ia 4500
008 100328s9999 xx 000 0 und d
082 _b58694
100 _aवर्तक उषा.
245 _aराजा आर्थरची गुहा.
260 _bतुषार.
630 _aराजा आर्थरची गुहा.
730 _aराजा आर्थरची गुहा.
942 _cBOOK
999 _c545002
_d544999